|
|
|
|
| LEADER |
02195nam a2200577 i 4500 |
| 001 |
nkc20203238407 |
| 003 |
CZ PrNK |
| 005 |
20201005140859.0 |
| 007 |
ta |
| 008 |
200714s2020 xr ab f 001 0 cze |
| 015 |
|
|
|a cnb003238407
|
| 020 |
|
|
|a 978-80-7275-110-5
|q (brožováno)
|
| 035 |
|
|
|a (OCoLC)1200257939
|
| 040 |
|
|
|a OLA001
|b cze
|d ABA001
|e rda
|
| 041 |
0 |
|
|a cze
|b cze
|b eng
|b ger
|
| 043 |
|
|
|a e-xr---
|b e-xr-jm
|2 czenas
|
| 072 |
|
7 |
|a 59
|x Zoologie
|2 Konspekt
|9 2
|
| 080 |
|
|
|a 598.2
|2 MRF
|
| 080 |
|
|
|a 591.9
|2 MRF
|
| 080 |
|
|
|a (437.322)
|2 MRF
|
| 080 |
|
|
|a (048.8)
|2 MRF
|
| 100 |
1 |
|
|a Hubálek, Zdeněk,
|d 1942-2025
|7 jk01043130
|4 aut
|
| 245 |
1 |
0 |
|a Ptactvo Břeclavi a blízkého okolí /
|c Zdeněk Hubálek
|
| 264 |
|
1 |
|a Brno :
|b Muzejní a vlastivědná společnost v Brně, z.s.,
|c 2020
|
| 300 |
|
|
|a 255 stran :
|b ilustrace (převážně barevné), mapy ;
|c 24 cm
|
| 336 |
|
|
|a text
|b txt
|2 rdacontent
|
| 336 |
|
|
|a statický obraz
|b sti
|2 rdacontent
|
| 337 |
|
|
|a bez média
|b n
|2 rdamedia
|
| 338 |
|
|
|a svazek
|b nc
|2 rdacarrier
|
| 490 |
1 |
|
|a Vlastivědná knihovna moravská ;
|v sv. 104
|
| 500 |
|
|
|a Pod názvem: Ústav biologie obratlovců Akademie věd České republiky
|
| 500 |
|
|
|a 300 výtisků
|
| 504 |
|
|
|a Obsahuje bibliografii a rejstříky
|
| 546 |
|
|
|a České, anglické a německé resumé
|
| 650 |
0 |
7 |
|a ptáci
|7 ph115956
|2 czenas
|
| 650 |
0 |
7 |
|a fauna
|7 ph114529
|z Česko
|2 czenas
|
| 650 |
0 |
9 |
|a birds
|2 eczenas
|
| 650 |
0 |
9 |
|a fauna
|z Czechia
|2 eczenas
|
| 651 |
|
7 |
|a Břeclav (Česko)
|7 ge128895
|2 czenas
|
| 651 |
|
7 |
|a Břeclav (Česko : oblast)
|7 ge128421
|2 czenas
|
| 651 |
|
9 |
|a Břeclav (Czechia)
|2 eczenas
|
| 651 |
|
9 |
|a Břeclav Region (Czechia)
|2 eczenas
|
| 655 |
|
7 |
|a monografie
|7 fd132842
|2 czenas
|
| 655 |
|
9 |
|a monographs
|2 eczenas
|
| 710 |
2 |
|
|a Ústav biologie obratlovců (Akademie věd ČR)
|7 kn20020322409
|4 res
|
| 830 |
|
0 |
|a Vlastivědná knihovna moravská
|0 s
|
| 910 |
2 |
|
|a BOA001
|b 2-1453.424
|
| 990 |
|
|
|a BK
|
| 995 |
|
|
|a 01
|
| 996 |
6 |
|
|b 2610838320
|c 2-1453.424
|l MZK
|r Sklad / do 1 hodiny
|n 0
|p p.v.
|w 001825221
|u 000010
|a 1
|e BOA001
|j MZK50
|s P
|
| 996 |
7 |
|
|b 2610838321
|c 2-1453.424
|l Vol.výběr
|r VV 0p
|n 1
|p p.v.
|h 591.9 HUB
|w 001825221
|u 000020
|a 0
|e BOA001
|j MZK50
|s A
|